Quiz Drapeaux Européens - Statistiques

Statistiques générales
  • Ce quiz a été pris 330 fois
  • Le résultat moyen est 45 sur 50
Statistiques - réponses
Par images Réponse % Correct
Allemagne
100%
Belgique
100%
France
100%
Irlande
100%
Italie
100%
Royaume uni
100%
Espagne
98%
Portugal
98%
Grece
97%
Suede
97%
Suisse
97%
Russie
96%
Finlande
95%
Norvege
95%
Pays bas
95%
Ukraine
94%
Danemark
93%
Pologne
93%
Croatie
92%
Luxembourg
92%
Albanie
91%
Chypre
91%
Macédoine du Nord
91%
Malte
91%
Monaco
91%
République tchèque
91%
Roumanie
91%
Autriche
90%
Bulgarie
90%
Hongrie
90%
Islande
90%
Estonie
88%
Slovaquie
88%
Vatican
88%
Slovenie
87%
Saint marin
86%
Serbie
84%
Lettonie
83%
Andorre
82%
Bielorussie
82%
Kosovo
82%
Bosnie herzegovine
81%
Monténégro
81%
Lituanie
80%
Angleterre
79%
Union Européenne
79%
Moldavie
77%
Ecosse
75%
Liechtenstein
75%
Pays de Galles
73%
Aucun quiz correspondant
Distribution des résultats
% des personnes avec chaque résultat
Percentile par nombre de réponses
Votre historique - résultats
Vous n’avez pas pris ce quiz